Подробности
| 000 -МАРКЕР |
| контрольное поле |
01388nam0a2200265 4500 |
| 001 - ИДЕНТИФИКАТОР ЗАПИСИ |
| контрольное поле |
RU\NLR\BIBL_A\012076038 |
| 005 - ИДЕНТИФИКАТОР ВЕРСИИ |
| контрольное поле |
20250627113802.0 |
| 035 ## - ДРУГИЕ СИСТЕМНЫЕ НОМЕРА |
| Идентификатор записи |
(NLR Aleph) 012076038 |
| 100 ## - ДАННЫЕ ОБЩЕЙ ОБРАБОТКИ |
| Данные общей обработки |
20190815d1955 |||y0rusy50 ca |
| 101 1# - ЯЗЫК РЕСУРСА |
| Язык текста, звукозаписи и т.д. |
адыгейский |
| Язык оригинала |
русский |
| 102 ## - СТРАНА ПУБЛИКАЦИИ ИЛИ ПРОИЗВОДСТВА |
| Страна публикации |
Российская Федерация |
| 105 ## - ПОЛЕ КОДИРОВАННЫХ ДАННЫХ: ТЕКСТОВЫЕ МАТЕРИАЛЫ, МОНОГРАФИЧЕСКИЕ |
| Кодированные данные о монографическом текстовом документе |
a z 000 y |
| 200 1# - ЗАГЛАВИЕ И СВЕДЕНИЯ ОБ ОТВЕТСТВЕННОСТИ |
| Основное заглавие |
Арифметическэ задачэхэмрэ упражнениниехэмрэ ясборник |
| Сведения, относящиеся к заглавию |
школ ублапIэм ия 3-рэ класс пае |
| Первые сведения об ответственности |
Н.Н. Никитин, Г.Б. Поляк, Л.Н. Володина |
| Последующие сведения об ответственности |
зэздзэкIыгъэр М. Шэуджэн |
| 205 ## - СВЕДЕНИЯ ОБ ИЗДАНИИ |
| Сведения об издании |
яхэнэрэ тедзэгъу |
| 210 ## - ПУБЛИКАЦИЯ, РАСПРОСТРАНЕНИЕ И ДР. |
| Место издания, распространения и т.д. |
Мыекъуапэ |
| Имя издателя, распространителя и т. д. |
Адыгэ тхылъ тедзапI |
| Дата издания, распространения и т.д. |
1955 |
| 215 ## - ФИЗИЧЕСКАЯ ХАРАКТЕРИСТИКА |
| Специфическое обозначение материала и объем |
184, [2] с. |
| Другие сведения о физической характеристике |
ил. |
| Размеры |
22 |
| 541 1# - ПЕРЕВОД ЗАГЛАВИЯ, СДЕЛАННЫЙ КАТАЛОГИЗАТОРОМ |
| Заглавие |
Сборник арифметических задач и упражнений |
| Сведения, относящиеся к заглавию |
для 3-го класса начальной школы |
| Язык заглавия |
русский |
| 700 #1 - ИМЯ ЛИЦА - ПЕРВИЧНАЯ ОТВЕТСТВЕННОСТЬ |
| Код отношения |
Автор |
| Графика поля |
Кириллица |
| Материалы, к которым относится поле |
rus |
| Начальный элемент ввода |
Никитин |
| Часть имени, кроме начального элемента ввода |
Н. Н. |
| Дополнения к именам, кроме дат |
математик-педагог |
| Даты |
1885-1966 |
| Расширение инициалов личного имени |
Николай Никифорович |
| Системный номер авторитетной/нормативной записи |
210723 |
| Идентификатор авторитетной/нормативной записи |
RU\NLR\AUTH\770210779 |
| 701 #1 - ИМЯ ЛИЦА - АЛЬТЕРНАТИВНАЯ ОТВЕТСТВЕННОСТЬ |
| Код отношения |
Автор |
| Графика поля |
Кириллица |
| Материалы, к которым относится поле |
rus |
| Начальный элемент ввода |
Поляк |
| Часть имени, кроме начального элемента ввода |
Г. Б. |
| Даты |
1894- |
| Расширение инициалов личного имени |
Григорий Борисович |
| Системный номер авторитетной/нормативной записи |
223415 |
| Идентификатор авторитетной/нормативной записи |
RU\NLR\AUTH\770223471 |
| 701 #1 - ИМЯ ЛИЦА - АЛЬТЕРНАТИВНАЯ ОТВЕТСТВЕННОСТЬ |
| Начальный элемент ввода |
Володина |
| Часть имени, кроме начального элемента ввода |
Л.Н. |
| Расширение инициалов личного имени |
Людмила Николаевна |
| Код отношения |
Автор |
| 852 ## - МЕСТОНАХОЖДЕНИЕ И ШИФР ХРАНЕНИЯ |
| Идентификатор организации |
NLR |
| Наименование фонда или коллекции (Sub-Location Identifier) |
ОНЛ |
| Шифр хранения (Call Number) |
Адыг./3-584 |
| 942 ## - ДОПОЛНИТЕЛЬНЫЕ ЭЛЕМЕНТЫ ЗАПИСИ (АБИС) |
| Тип экземпляра АБИС |
Книга |
| 980 ## - КОЛЛЕКЦИЯ |
| Название коллекции |
Национальная библиография |